<?xml version="1.0" encoding="UTF-8"?>
<record
    xmlns:xsi="http://www.w3.org/2001/XMLSchema-instance"
    xsi:schemaLocation="http://www.loc.gov/MARC21/slim http://www.loc.gov/standards/marcxml/schema/MARC21slim.xsd"
    xmlns="http://www.loc.gov/MARC21/slim">

  <leader>02720nam a22002537a 4500</leader>
  <controlfield tag="005">20240305165434.0</controlfield>
  <controlfield tag="007">cr |||   ||u| </controlfield>
  <controlfield tag="008">151202s2015    sp ||||| |||| 00||0 spa d</controlfield>
  <datafield tag="020" ind1=" " ind2=" ">
    <subfield code="a">978-84-9085-358-0</subfield>
  </datafield>
  <datafield tag="035" ind1=" " ind2=" ">
    <subfield code="a">12939</subfield>
  </datafield>
  <datafield tag="040" ind1=" " ind2=" ">
    <subfield code="a">vLex</subfield>
  </datafield>
  <datafield tag="090" ind1=" " ind2=" ">
    <subfield code="c">5698</subfield>
    <subfield code="d">5698</subfield>
  </datafield>
  <datafield tag="100" ind1="1" ind2=" ">
    <subfield code="a">P&#xE9;rez Caballero, Jes&#xFA;s </subfield>
  </datafield>
  <datafield tag="245" ind1="1" ind2="3">
    <subfield code="a">El elemento pol&#xED;tico en los cr&#xED;menes contra la humanidad</subfield>
    <subfield code="h">[Recurso electr&#xF3;nico] / </subfield>
    <subfield code="c">Jes&#xFA;s P&#xE9;rez Caballero</subfield>
  </datafield>
  <datafield tag="256" ind1=" " ind2=" ">
    <subfield code="a">Servicio en l&#xED;nea</subfield>
  </datafield>
  <datafield tag="260" ind1=" " ind2=" ">
    <subfield code="a">Madrid</subfield>
    <subfield code="b">Dykinson</subfield>
    <subfield code="c">2015 </subfield>
  </datafield>
  <datafield tag="300" ind1=" " ind2=" ">
    <subfield code="a">1 recurso electr&#xF3;nico </subfield>
  </datafield>
  <datafield tag="500" ind1=" " ind2=" ">
    <subfield code="a">El elemento pol&#xED;tico en los cr&#xED;menes contra la humanidad. La expansi&#xF3;n de la figura al crimen organizado transnacional y el caso de las organizaciones de narcotraficantes mexicanas en el sexenio 2006-2012 estudia, a partir de las caracter&#xED;sticas de los cr&#xED;menes contra la humanidad, si algunas organizaciones criminales son id&#xF3;neas para promover este crimen internacional. Para ello, analiza los requisitos del t&#xE9;rmino &#x93;organizaci&#xF3;n&#x94; seg&#xFA;n el art&#xED;culo 7.2 a) del Estatuto de Roma. El an&#xE1;lisis se ejemplifica con determinadas situaciones en Colombia, Guatemala y, m&#xE1;s a fondo, M&#xE9;xico. El primer cap&#xED;tulo aborda el tipo penal de los cr&#xED;menes de lesa humanidad, especialmente su elemento pol&#xED;tico y los rasgos del colapso estatal, t&#xE9;rmino novedoso y derivado de la necesidad de describir en qu&#xE9; grado de estabilidad o crisis se encuentra el Estado donde se comete presuntamente dicho crimen internacional. El segundo cap&#xED;tulo caracteriza la figura de la criminalidad organizada transnacional a partir de la Convenci&#xF3;n de Palermo. Se completa con el an&#xE1;lisis de dos tipos de organizaciones criminales problem&#xE1;ticas para la gobernabilidad como las Bandas Criminales colombianas y los Cuerpos Ilegales y Aparatos Clandestinos de Seguridad guatemaltecos. Con ello, se logran instrumentos te&#xF3;ricos para responder a las cuestiones del cap&#xED;tulo final: Cu&#xE1;l es la naturaleza de las principales organizaciones de narcotraficantes mexicanas que operaron en el sexenio 2006-2012 y qu&#xE9; dificultades plantea considerarlas organizaciones en el sentido del art&#xED;culo 7.2. a) del Estatuto de Roma.</subfield>
  </datafield>
  <datafield tag="506" ind1="1" ind2=" ">
    <subfield code="a">Contenido solo disponible en los productos indicados</subfield>
    <subfield code="d">vLex Global</subfield>
    <subfield code="d">vLex Global (Academic Edition, excluding Law Schools)</subfield>
    <subfield code="d">vLex Global (U.S. Academic Edition, Law Schools)</subfield>
    <subfield code="d">vLex Global (U.S. Academic Edition, excluding Law Schools)</subfield>
    <subfield code="d">vLex Global (Academic Edition, Law Schools)</subfield>
  </datafield>
  <datafield tag="650" ind1="0" ind2="4">
    <subfield code="a">Crimenes contra la humanidad</subfield>
    <subfield code="z">M&#xE9;xico</subfield>
    <subfield code="z">Colombia</subfield>
    <subfield code="z">Guatemala</subfield>
  </datafield>
  <datafield tag="740" ind1="0" ind2=" ">
    <subfield code="a">vLex libros (servicio en l&#xED;nea)</subfield>
  </datafield>
  <datafield tag="856" ind1="4" ind2="0">
    <subfield code="u">https://app.vlex.com/#/sources/elemento-politico-en-los-crimenes-contra-la-humanidad-12939</subfield>
  </datafield>
  <datafield tag="942" ind1=" " ind2=" ">
    <subfield code="c">RAA</subfield>
  </datafield>
  <datafield tag="952" ind1=" " ind2=" ">
    <subfield code="0">0</subfield>
    <subfield code="1">0</subfield>
    <subfield code="4">0</subfield>
    <subfield code="7">0</subfield>
    <subfield code="8">VLEX</subfield>
    <subfield code="9">322013</subfield>
    <subfield code="a">BD-UIN</subfield>
    <subfield code="b">BD-UIN</subfield>
    <subfield code="d">2024-03-05</subfield>
    <subfield code="l">0</subfield>
    <subfield code="p">12939</subfield>
    <subfield code="r">2024-03-05</subfield>
    <subfield code="w">2024-03-05</subfield>
    <subfield code="y">RAA</subfield>
  </datafield>
  <datafield tag="999" ind1=" " ind2=" ">
    <subfield code="c">164028</subfield>
    <subfield code="d">164028</subfield>
  </datafield>
</record>
